| 000 | 00345nam a2200133Ia 4500 | ||
|---|---|---|---|
| 008 | 230917s9999||||xx |||||||||||||| ||und|| | ||
| 040 |
_e160078 _aMAIN |
||
| 041 | _aEnglish | ||
| 082 | _a647.94 A41A | ||
| 245 | 0 | _aAsia's best hotels and resorts | |
| 260 |
_aMespeth (New York State) _bAPA Publications _c2003 |
||
| 300 | _a320 p. | ||
| 942 | _cBK | ||
| 999 |
_c129585 _d129585 |
||